000 00321nam a2200121Ia 4500
008 190216s9999||||xx |||||||||||||| ||und||
100 _aNarismhan V K&Amp; Vasudevan K
245 0 _aSaadharakkarantae Dhansasthram
260 _bSree Narasimha Vialsam Book Depo
_c1960
300 _a164p
650 _aEconomics
942 _cBK
999 _c9208
_d9208